Score 0/16 Timer 03:00
0 Plays Today
Show Word % Correct
____ of ThronesGame
96.1%
Doctor ____Who
95.5%
________ BadBreaking
89.4%
Sons of _______Anarchy
87.5%
___ MenMad
81.8%
In _____ SightPlain
81.6%
Bates _____Motel
78%
____ BloodTrue
76%
Show Word % Correct
________ EmpireBoardwalk
70.5%
_____ JackieNurse
70%
____ on WheelsHell
59.7%
_______ & IslesRizzoli
48.9%
Necessary ________Roughness
46.5%
White ______Collar
43%
______ AffairsCovert
40%
House of ____Lies
33.8%

Today's Daily Dose

Word Ladder
Silence

Get the Picture
Philly Team Facts

You're not logged in!

Compare scores with friends on all Sporcle quizzes.
OR
Log In

Sporcle TV

Today on Sporcle TV


Watch our educational content, quiz creation guides, and fun videos on Sporcle TV.

Show Comments

Extras

Top Quizzes Today


Score Distribution

Your Account Isn't Verified!

In order to create a playlist on Sporcle, you need to verify the email address you used during registration. Go to your Sporcle Settings to finish the process.

Report this User

Report this user for behavior that violates our Community Guidelines.

Details: